| 000 | 01490nam0a22003371 4500 | ||
|---|---|---|---|
| 001 | v19\rc\1601293 | ||
| 005 | 20260406092205.0 | ||
| 035 | _a(NLR Aleph) 005238397 | ||
| 090 |
_a5678533 _c5678533 |
||
| 100 | _a20061002d1896 |||y0rusy50 ca | ||
| 101 | 0 | _arus | |
| 102 | _aRU | ||
| 105 | _ac z |||cb | ||
| 200 | 1 |
_aФ. Лассаль _eЕго жизнь, науч. труды и обществ. деятельность _eБиогр. очерк В.Я. Классена _fС портр. Лассаля, грав. в Петерб. К. Адтом |
|
| 210 |
_aСанкт-Петербург _cтип. т-ва "Обществ. польза" _d1896 |
||
| 215 |
_a161 с., 1 л. фронт. (портр.) _d18 |
||
| 225 | 1 | _aЖизнь замечательных людей. Биографическая библиотека Флорентия Павленкова | |
| 320 | _aБиблиогр.: с. 4 | ||
| 532 | 1 | 0 | _aФердинанд Лассаль |
| 700 | 1 |
_7ca _8rus _aКлассен _bВ. Я. _cочеркист _9266185 _3RU\NLR\AUTH\770266241 |
|
| 702 | 1 |
_aАдт _bК. _gКонстантин _4440 |
|
| 702 | 1 |
_4570 _7ca _8rus _aЛассаль _bФ. _f1825-1864 _gФердинанд _945840 _3RU\NLR\AUTH\7762910 |
|
| 801 | 2 |
_aRU _bNLR _c20080412 _2rusmarc |
|
| 801 | 0 |
_aRU _bNLR _c20061002 _gpsbo |
|
| 801 | 0 |
_aRU _bRuMoRGB _c20061002 _2psbo |
|
| 801 | 1 |
_aRU _bProSoft-M _c20061002 _2rusmarc |
|
| 852 |
_aNLR _j18.17.6.104 |
||
| 852 |
_aNLR _j91/890 |
||
| 942 | _cBOOK | ||
| 980 | _aNB | ||